1971 1603 1515 1806 1821 1409 1143 1535 1356 1642 1216 1154 1010 1181 1893 1691 1289 1746 1485 1560 1210 1734 1669 1834 1379 1410 1554 1583 1384 1661 1348 1140 1645 1441 1439 1436 1970 1002 1439 1662 1312 1413 1637 1431 1760 1298 1444 1745 1325 1219 1186 1413 1826 1794 1253 1083 1528 1432 1492 1185 1957 1359 1923 1490 1289 1012 1365 1632 1842 1455 1881 1661 1034 1574 1958 1779 1243 1314 1241 1414 1513 1006 1853 1067 1063 1790 1061 1353 1544 1623 1686 1414 1539 1095 1532 1310 1938 1922 1955 BCNSPRNW ULIB Ver.6.0+V

เปลี่ยนเป็นภาษาไทย

Change to English
 แสดงรายละเอียดบรรณานุกรม
  กลับหน้าหลัก

Brief Record : Get Marc (ISO 2709) : E-mail record : QR code < ปิดหน้าต่าง
LEADER : 00000nam 2200000uu 4500
001    13399111231
003     ULIB
008    110620s||||||||th 000 0 tha d
020    9749628861
020    9789749628867
050  4 BF637^bศ322ว 2548
100 0  ศักดิ์บวร
245 10 50วิธีอ่านใจคนรัก /^cศักดิ์บวร
260    กรุงเทพฯ :^bสมิต,^c2548
300    192 หน้า :^bภาพประกอบ
650  7 ทำนาย
650  7 ความรัก
650  7 จิตวิทยา
710 1  สมิต
945    ^p144^l0^i021019
995    ทศพร
999 ^a ใช้งานได้ทุกระบบ
รายการนี้ยังไม่มีแท็ก
คุณยังไม่ได้ล็อกอิน คุณสามารถมีกิจกรรมร่วมกับเว็บไซต์ได้ แต่ต้องล็อกอินก่อน ::
  ล็อกอิน

รายการสื่อสารสนเทศ

ลำดับที่ ประเภท เลขเรียก/บาร์โค้ด สถานที่ สถานะ
- ไม่พบข้อมูล -

รายการใกล้เคียง
    ผู้แต่ง [ศักดิ์บวร]

    หัวเรื่อง [ทำนาย]
    หัวเรื่อง [ความรัก]
    หัวเรื่อง [จิตวิทยา]

BibComment


ยังไม่เคยถูกคอมเมนท์

คอมเมนท์ทรัพยากรรายการนี้
  คอมเมนท์: 50วิธีอ่านใจคนรัก..


 Copyright 2026. Bcnsprnw @Library